Meilleurs buteurs de Ligue 1 sur une saison - Mort subite - Statistiques

Statistiques générales
  • Ce quiz a été pris 626 fois
  • Le résultat moyen est 5 sur 16
Answers on the Grid
Answers color-coded by a green-red scale on the quiz's grid according to % correct below.
Neymar
Didier Drogba
Shabani Nonda
Jonathan David
Zlatan Ibrahimovic
Sonny Anderson
David Ginola
Alexandre Lacazette
Pauleta
Alain Caveglia
Kylian Mbappé
Nenê
Karim Benzema
Loic Remy
Moussa Sow
Lisandro Lopez
Mamadou Niang
Kevin Gameiro
André-Pierre Gignac
Edinson Cavani
David Trezeguet
Eden Hazard
Juninho Pernambucano
Alexander Frei
Jean-Pierre Papin
Falcao
Bafetimbi Gomis
Olivier Giroud
Wissam Ben Yedder
Djibril Cissé
 
Statistiques - réponses
Réponse % Correct
Zlatan Ibrahimovic
72%
Kylian Mbappé
66%
Alexandre Lacazette
57%
Edinson Cavani
50%
Pauleta
40%
Karim Benzema
38%
Olivier Giroud
32%
Jean-Pierre Papin
30%
Sonny Anderson
27%
Mamadou Niang
23%
Shabani Nonda
22%
André-Pierre Gignac
19%
Djibril Cissé
19%
Moussa Sow
19%
Alexander Frei
11%
Nenê
7%
Aucun quiz correspondant
Distribution des résultats
% des personnes avec chaque résultat
Percentile par nombre de réponses
Votre historique - résultats
Vous n’avez pas pris ce quiz